000
00323nam a22001337a 4500
003
macl
005
20191130162223.0
008
191130b xxu||||| |||| 00| 0 eng d
040
_c
macl
245
_a
Tipu Sultan: villaon or Hero?
260
_a
Delhi
_b
Voice of India
_c
2018
650
_a
Biography
_9
77386
942
_2
ddc
_c
BK
999
_c
61472
_d
61472